| 000 | 00525nam a22001337a 4500 | ||
|---|---|---|---|
| 005 | 20241009134551.0 | ||
| 008 | 241009b |||||||| |||| 00| 0 eng d | ||
| 100 |
_aEssame, Caroline. _eauthor. _962584 |
||
| 245 |
_aDevelopmental play : _ba new approach to understanding how all children learn through play / _cCaroline Essame. |
||
| 260 |
_aWashington; _bTaylor & Francis Group, _cJanuary-February 2020. |
||
| 300 |
_aVolume 96, pages 14-21, _billustration. |
||
| 700 |
_aEssame, Caroline. _eauthor. _962585 |
||
| 942 |
_2ddc _cPER |
||
| 999 |
_c22374 _d22374 |
||